Rethinking Sexuality in Africa (Record no. 133719)
[ view plain ]
| 000 -LEADER | |
|---|---|
| fixed length control field | 00802nam a2200241 a 4500 |
| 003 - CONTROL NUMBER IDENTIFIER | |
| control field | OSt |
| 005 - DATE AND TIME OF LATEST TRANSACTION | |
| control field | 20240610113446.0 |
| 008 - FIXED-LENGTH DATA ELEMENTS--GENERAL INFORMATION | |
| fixed length control field | |
| 020 ## - INTERNATIONAL STANDARD BOOK NUMBER | |
| International Standard Book Number | 917106513X (Paperback) |
| 040 ## - CATALOGING SOURCE | |
| Transcribing agency | NUST |
| Original cataloging agency | NUST |
| Language of cataloging | eng |
| Modifying agency | NUST |
| Description conventions | rda |
| 050 ## - LIBRARY OF CONGRESS CALL NUMBER | |
| Classification number | BF692.15 RET |
| 100 ## - MAIN ENTRY--PERSONAL NAME | |
| Relator term | Editor |
| Fuller form of name | Signe Arnfield |
| 245 ## - TITLE STATEMENT | |
| Title | Rethinking Sexuality in Africa |
| Statement of responsibility, etc. | Signe Arnfield |
| 250 ## - EDITION STATEMENT | |
| Edition statement | Second edition. |
| 260 ## - PUBLICATION, DISTRIBUTION, ETC. | |
| Place of publication, distribution, etc. | Uppsula: |
| Name of publisher, distributor, etc. | The Nordic African Institute, |
| Date of publication, distribution, etc. | 2005. |
| 336 ## - CONTENT TYPE | |
| Source | :rdacontent |
| Content type term | :text |
| Content type code | :txt |
| 337 ## - MEDIA TYPE | |
| Source | :rdamedia |
| Media type term | :unmediated |
| Media type code | :n |
| 338 ## - CARRIER TYPE | |
| Source | :rdacarrier |
| Carrier type term | :volume |
| Carrier type code | :nc |
| 504 ## - BIBLIOGRAPHY, ETC. NOTE | |
| Bibliography, etc. note | Includes Bibliographical references. |
| 650 ## - SUBJECT ADDED ENTRY--TOPICAL TERM | |
| Form subdivision | Sexualites |x Africa |
| 907 ## - LOCAL DATA ELEMENT G, LDG (RLIN) | |
| a | .b1027165x |
| b | 20-05-10 |
| c | 17-11-09 |
| 942 ## - ADDED ENTRY ELEMENTS (KOHA) | |
| Koha item type | Ordinary Loan Books |
| Source of classification or shelving scheme | Library of Congress Classification |
| Edition | Second edition. |
| Classification part | BF692.15 |
| Call number prefix | BF |
| Call number suffix | RET |
| Suppress in OPAC | No |
| Date last seen | Total Checkouts | Full call number | Barcode | Cost, replacement price | Price effective from | Koha item type | Public note | Lost status | Source of classification or shelving scheme | Damaged status | Not for loan | Collection | Withdrawn status | Home library | Current library | Shelving location | Date acquired | Source of acquisition | Cost, normal purchase price |
|---|---|---|---|---|---|---|---|---|---|---|---|---|---|---|---|---|---|---|---|
| 01/23/2023 | BF692.15 RET | 92004010443 | 80.00 | 01/23/2023 | BOOKS | Donation | LCC | NFIC | MAIN | MAIN | GEN | 01/23/2023 | Bookaid International | 80.00 |